000 00308nam a2200121Ia 4500
008 190216s9999||||xx |||||||||||||| ||und||
100 _aNull
245 0 _aHindi-Big Prashims Mamsahari Thatha Anp Vijithr Parpayem
260 _bPoomkavanam Books Publishers
300 _a128
650 _aHindi
942 _cBK
999 _c15785
_d15785